Effectif Allemagne - Coupe du Monde 2014 - Statistiques

Statistiques générales
  • Ce quiz a été pris 529 fois
  • Le résultat moyen est 14 sur 24
Statistiques - réponses
POSTE CLUB NUMERO JOUEUR % Correct
G Bayern Munich 1 Manuel Neuer
99%
DEF Borussia Dortmund 5 Mats Hummels
92%
ATT Bayern Munich 13 Thomas Müller
89%
MIL Arsenal 8 Mesut Özil
88%
ATT Lazio Rome 11 Miroslav Klose
88%
DEF Bayern Munich 20 Jérôme Boateng
86%
MIL Bayern Munich 18 Toni Kroos
85%
DEF Bayern Munich 16 Philipp Lahm
84%
ATT Bayern Munich 19 Mario Götze
83%
MIL Real Madrid 6 Sami Khedira
82%
MIL Bayern Munich 7 Bastain Schweinsteiger
75%
ATT Chelsea 9 André Schürrle
73%
COACH - - Joachim Löw
63%
DEF Arsenal 17 Per Mertesacker
57%
ATT Arsenal 10 Lukas Podolski
53%
DEF Schalke 04 4 Benedikt Höwedes
47%
MIL Schalke 04 14 Julian Draxler
43%
G Borussia Dortmund 22 Roman Weidenfeller
41%
DEF Sampdoria 21 Shkodran Mustafi
32%
MIL Borussia M'gladbach 23 Christoph Kramer
28%
DEF SC Fribourg 3 Matthias Ginter
24%
G Hanovre 12 Ron-Robert Zieler
12%
DEF Borussia Dortmund 2 Kevin Großkreutz
11%
DEF Borussia Dortmund 15 Erik Durm
9%
Aucun quiz correspondant
Distribution des résultats
% des personnes avec chaque résultat
Percentile par nombre de réponses
Votre historique - résultats
Vous n’avez pas pris ce quiz